| 000 | 00000nam##2200000za#4500 |
| 001 | 9.642395 |
| 003 | CaOODSP |
| 005 | 20210624223658 |
| 007 | cr ||||||||||| |
| 008 | 150407|2011||||xxc|||||o f|0| 0 fre|d |
| 040 | |aCaOODSP|bfre |
| 043 | |an-cn--- |
| 086 | 1 |aH129-13/2011F-PDF |
| 110 | 1 |aCanada. |bSanté Canada. |
| 245 | 10|aPlanifier un avenir durable : |h[ressource électronique]|bStratégie de développement durable 2011-2014 de Santé Canada / |cPublié par le Bureau du développement durable. |
| 260 | |aOttawa - Ontario : |bSanté Canada |cJuin 2011. |
| 300 | |a50p.|bfigures, graphiques, tableaux, photographies |
| 590 | |a13-20-Supp|b2013-08-30 |
| 691 | 07|aDéveloppement durable|2gcpds |
| 775 | 08|tPlanning for a sustainable future : |w(CaOODSP)9.698383 |
| 856 | 40|ahttp://publications.gc.ca|qPDF|s1.16 Mo|uhttps://publications.gc.ca/collections/collection_2013/sc-hc/H129-13-2011-fra.pdf |